000 00943nam a22003017a 4500
003 CHAP
005 20220329140049.0
008 971013s1957 r 00010 d
010 _a46411
011 _a47383
035 _a51525
040 _cCHAP
082 _a327.1
_bT5Y
100 0 0 _aThomas, Frederick Metcalf.
_9112825
245 _aEstrategía para la supervivencia
260 _aMéxico, D.F. :
_bFondo de Cultura Económica,
_c1957
300 _a299 p.
_b: mapa
490 _aSección de Obras de Política
590 _aBATCH-UPD
_b10
_c20130110
_lUCH01
_h1902
590 _aBATCH-UPD
_b10
_c20130410
_lUCH01
_h1229
590 _aBATCH-UPD
_b10
_c20130914
_lUCH01
_h1932
590 _aCONVERSION
_b10
_c20130109
_lUCH01
_h1325
650 1 4 _aPolítica mundial.
_990682
830 0 _aSección de Obras de Política
_9103508
901 _aBK
942 _cLIBRO
949 _a327.1 T5Y
_bBC
_cLIBRO
_d33724000302956
_eLIBRO
_h38092
_i51525
_si
999 _c46411
_d46411